000 00408nam a22001577a 4500
005 20160520164807.0
008 160520b xxu||||| |||| 00| 0 eng d
041 _aeng
082 _b3627
100 _aO.P. Khanna
_9896
245 _aAtext book of welding technology
260 _aNew Delhi
_bDhanpat Rai Publising Co. Pvt. Ltd.
_c2001
300 _a944
650 _aDIPLOMA ENGINEERING
_9817
942 _cBK
999 _c1232
_d1232